Diophantine geometry: an introduction
Guardat en:
| Autors principals: | , |
|---|---|
| Format: | Llibre |
| Idioma: | anglès |
| Publicat: |
Nueva York
Springer
2000
|
| Col·lecció: | Graduate Texts in Mathematics, 201
|
| Matèries: | |
| Etiquetes: |
Afegir etiqueta
Sense etiquetes, Sigues el primer a etiquetar aquest registre!
|
MARC
| LEADER | 00000cam a2200000 a 4500 | ||
|---|---|---|---|
| 001 | UCF8253 | ||
| 003 | CL-VaPUC | ||
| 008 | 130808e20000000us |||||||||||||||||eng|d | ||
| 020 | |a 0387989757 | ||
| 082 | 0 | 4 | |a 512.74 |b HIN |2 21 |
| 100 | 0 | |a Hindry, Marc |e author |9 570360 | |
| 700 | 0 | |a Silverman, Joseph H |e author |9 302 | |
| 245 | 1 | 0 | |a Diophantine geometry: an introduction |
| 300 | |a 558 p | ||
| 942 | |c BK | ||
| 945 | |d 20130808 11:32:00 |a cmena | ||
| 260 | |a Nueva York |b Springer |c 2000 | ||
| 650 | 0 | |a Teoría algebraica de números |9 887995 | |
| 650 | 7 | |a TEORIA ANALITICA DE LOS NUMEROS |2 CL-VaPUC |9 570361 | |
| 650 | 0 | |a Geometría algebraica |9 270327 | |
| 583 | |a last modification |c 20130808 11:32:00 |k Rodrigo Vera | ||
| 490 | 0 | |a Graduate Texts in Mathematics, 201 | |
| 999 | |c 352875 |d 352873 | ||
| 952 | |0 0 |1 0 |4 0 |6 512_740000000000000_HIN_2000 |7 0 |8 A |9 457610 |a BIBMAT |b BIBMAT |d 2019-11-22 |i 4992857 |o 512.74 HIN 2000 |p 4992857 |r 2025-01-07 |w 2019-11-22 |y BK |k MAT | ||